His days with Bapu : (Record no. 145310)

MARC details
000 -LEADER
fixed length control field 00756nam a22001937a 4500
005 - DATE AND TIME OF LATEST TRANSACTION
control field 20180504154815.0
010 ## - LCCN (DPL NO)
LC control number 1718EN-30 B-681948-956
020 ## - INTERNATIONAL STANDARD BOOK NUMBER
International Standard Book Number 9789382711872
Terms of availability 250.00
035 ## - SYSTEM CONTROL NUMBER
System control number B-681948-956
037 ## - SOURCE OF ACQUISITION
Source of stock number/acquisition Pragati
Stock number dpl
082 ## - DEWEY DECIMAL CLASSIFICATION NUMBER
Classification number 954.035092
100 ## - MAIN ENTRY--PERSONAL NAME
Personal name Warrier, Shobha
245 ## - TITLE STATEMENT
Title His days with Bapu :
Statement of responsibility, etc by Shobha Warrier
Remainder of title Gandhi's personal secretary /
260 ## - PUBLICATION, DISTRIBUTION, ETC. (IMPRINT)
Place of publication, distribution, etc New Delhi
Name of publisher, distributor, etc Vitastaa Pub.
Date of publication, distribution, etc 2015
270 ## - ADDRESS
Address 2/15, Ansari Road, Daryaganj,
City New Delhi
Postal code 110002
300 ## - PHYSICAL DESCRIPTION
Extent xvi,136p.
Dimensions 19cm(pbk)
942 ## - ADDED ENTRY ELEMENTS (KOHA)
Source of classification or shelving scheme Dewey Decimal Classification
Item type English Books
Call number suffix WAR
Classification part 954.035092
Holdings
Withdrawn status Lost status Not for loan Collection code Home library Current library Date acquired Source of acquisition Cost, normal purchase price Full call number Barcode Copy number Cost, replacement price Koha item type
      Non-fiction Ashok Vihar Ashok Vihar 04/05/2018 Pragati/142/27.11.2017/672/20.11.2017/28.11.2017 250.00 954.035092 WAR B-681952 1 250.00 English Books
      Non-fiction Bawana Bawana 04/05/2018 Pragati/142/27.11.2017/672/20.11.2017/28.11.2017 250.00 954.035092 WAR B-681956 1 250.00 English Books
      Non-fiction Central Library Central Library 04/05/2018 Pragati/142/27.11.2017/672/20.11.2017/28.11.2017 250.00 954.035092 WAR B-681948 1 250.00 English Books
      Non-fiction Janak Puri Janak Puri 04/05/2018 Pragati/142/27.11.2017/672/20.11.2017/28.11.2017 250.00 954.035092 WAR B-681954 1 250.00 English Books
      Non-fiction Mobile Library Mobile Library 04/05/2018 Pragati/142/27.11.2017/672/20.11.2017/28.11.2017 250.00 954.035092 WAR B-681949 2 250.00 English Books
      Non-fiction Mobile Library Mobile Library 04/05/2018 Pragati/142/27.11.2017/672/20.11.2017/28.11.2017 250.00 954.035092 WAR B-681950 2 250.00 English Books
      Non-fiction New Police Line New Police Line 04/05/2018 Pragati/142/27.11.2017/672/20.11.2017/28.11.2017 250.00 954.035092 WAR B-681951 1 250.00 English Books
      Non-fiction Patel Nagar Patel Nagar 04/05/2018 Pragati/142/27.11.2017/672/20.11.2017/28.11.2017 250.00 954.035092 WAR B-681953 1 250.00 English Books
      Non-fiction Sarojini Nagar Sarojini Nagar 04/05/2018 Pragati/142/27.11.2017/672/20.11.2017/28.11.2017 250.00 954.035092 WAR B-681955 1 250.00 English Books

© Delhi Public Library
Hit Counter
free hit counter